000 00659nam a2200181Ia 4500
008 090124s9999 xx 000 0 und d
082 _b22191
_a1607
100 _aजागीरदार प्र. ज.
245 _a काही विचारवंत काही आितिहास
250 _a1
260 _c1978
300 _a116
600 _aजागीरदार प्र. ज.
630 _a काही विचारवंत काही आितिहास
700 _aजागीरदार प्र. ज.
730 _a काही विचारवंत काही आितिहास
942 _cBOOK
999 _c135836
_d135836